[Event "Bratislava Rintel Memorial 50th"]
[White "Salgovic, Simon"]
[Black "Pongo, Aron"]
[Site "Bratislava"]
[Round "9"]
[Result "1-0"]
[Date "2023.08.25"]
[WhiteElo "2149"]
[BlackElo "1772"]
[PlyCount "55"]
[EventDate "2023.08.21"]
[EventType "swiss"]
[EventRounds "9"]
[EventCountry "SVK"]
[SourceTitle "CBM 216 Extra"]
[Source "ChessBase"]
[SourceDate "2023.11.30"]
[SourceVersion "1"]
[SourceVersionDate "2023.11.30"]
[SourceQuality "1"]

1. e4 c5 2. Nf3 d6 3. d4 cxd4 4. Nxd4 Nf6 5. Nc3 a6 6. g3 e6 7. Bg2 Be7 8. 0-0 Qc7 9. Kh1 0-0 10. Be3 Bd7 11. Qe2 Nc6 12. Rad1 Ne5 13. f4 Nc4 14. Bc1 Rac8 15. Rd3 b5 16. a3 Rfe8 17. g4 e5 18. Nf5 Bxf5 19. exf5 exf4 20. g5 Bf8 21. Qd1 Nd7 22. Rxf4 Be7 23. Nd5 Qd8 24. f6 gxf6 25. gxf6 Nxf6 26. Rg3+ Kh8 27. Rh4 Nxd5 28. Rxh7+ 1-0

[Event "Bratislava Rintel Memorial 50th"]
[White "Livnansky, Michal"]
[Black "Pongo, Aron"]
[Site "Bratislava"]
[Round "7"]
[Result "0-1"]
[Date "2023.08.24"]
[WhiteElo "1504"]
[BlackElo "1772"]
[PlyCount "64"]
[EventDate "2023.08.21"]
[EventType "swiss"]
[EventRounds "9"]
[EventCountry "SVK"]
[SourceTitle "CBM 216 Extra"]
[Source "ChessBase"]
[SourceDate "2023.11.30"]
[SourceVersion "1"]
[SourceVersionDate "2023.11.30"]
[SourceQuality "1"]

1. d4 Nf6 2. Nf3 d5 3. Bf4 c5 4. e3 Nc6 5. c3 e6 6. Bd3 Be7 7. Nbd2 0-0 8. 0-0 Bd7 9. Qb1 h6 10. Re1 cxd4 11. exd4 Rc8 12. Ne5 Nh5 13. Bg3 Nxg3 14. hxg3 Nxe5 15. Rxe5 b5 16. a3 Qb6 17. Qd1 a5 18. Qg4 f5 19. Qh3 Bf6 20. Re3 b4 21. axb4 axb4 22. Bc2 bxc3 23. bxc3 Qb2 24. Ra7 Qxc2 25. Rxd7 Qxd2 26. Rxe6 Rxc3 27. Qxf5 Rc1+ 28. Kh2 Qd1 29. g4 Qh1+ 30. Kg3 Bh4+ 31. Kf4 Rxf5+ 32. Kxf5 Qxg2 0-1

[Event "Bratislava Rintel Memorial 50th"]
[White "Pongo, Aron"]
[Black "Loffay, Pavol"]
[Site "Bratislava"]
[Round "6"]
[Result "1/2-1/2"]
[Date "2023.08.23"]
[WhiteElo "1772"]
[BlackElo "1451"]
[PlyCount "88"]
[EventDate "2023.08.21"]
[EventType "swiss"]
[EventRounds "9"]
[EventCountry "SVK"]
[SourceTitle "CBM 216 Extra"]
[Source "ChessBase"]
[SourceDate "2023.11.30"]
[SourceVersion "1"]
[SourceVersionDate "2023.11.30"]
[SourceQuality "1"]

1. e4 c5 2. Nc3 d6 3. Bb5+ Bd7 4. Bxd7+ Qxd7 5. d3 g6 6. f4 Bg7 7. Nf3 Nc6 8. Be3 Nf6 9. h3 0-0-0 10. Qe2 Kb8 11. g4 h5 12. g5 Ne8 13. 0-0-0 Nc7 14. Nh4 Bd4 15. f5 Bxe3+ 16. Qxe3 Ne5 17. Rhf1 Rhf8 18. Rf2 e6 19. Rdf1 exf5 20. exf5 Qe7 21. Qg3 Rde8 22. Ne4 Nd5 23. fxg6 fxg6 24. Nf6 Nxf6 25. gxf6 Qh7 26. Rg2 Qh6+ 27. Qg5 Qxg5+ 28. Rxg5 Re6 29. Nxg6 Nxg6 30. Rxg6 Kc7 31. Kd2 b5 32. Rh6 Kc6 33. c3 h4 34. d4 cxd4 35. cxd4 d5 36. Kd3 a6 37. Rf3 a5 38. Rf2 Kb6 39. Rxh4 Rexf6 40. Rxf6+ Rxf6 41. Ke3 Rf1 42. Rh6+ Kc7 43. Rh7+ Kb6 44. Rh6+ Kc7 1/2-1/2

[Event "Bratislava Rintel Memorial 50th"]
[White "Pongo, Aron"]
[Black "Dvorak, Alfred"]
[Site "Bratislava"]
[Round "4"]
[Result "1/2-1/2"]
[Date "2023.08.22"]
[WhiteElo "1772"]
[BlackElo "1473"]
[PlyCount "98"]
[EventDate "2023.08.21"]
[EventType "swiss"]
[EventRounds "9"]
[EventCountry "SVK"]
[SourceTitle "CBM 216 Extra"]
[Source "ChessBase"]
[SourceDate "2023.11.30"]
[SourceVersion "1"]
[SourceVersionDate "2023.11.30"]
[SourceQuality "1"]

1. d4 Nf6 2. c4 e6 3. Nf3 b6 4. g3 Bb4+ 5. Bd2 Be7 6. Bg2 d5 7. cxd5 exd5 8. 0-0 Bb7 9. Bg5 Nbd7 10. Nc3 0-0 11. Rc1 h6 12. Bxf6 Nxf6 13. Qb3 Rb8 14. Rfd1 c5 15. e3 c4 16. Qc2 a6 17. a4 Ba8 18. Nd2 b5 19. axb5 axb5 20. e4 dxe4 21. Ndxe4 Nxe4 22. Nxe4 Qb6 23. d5 Rfd8 24. Nc3 Qg6 25. Ne2 Bc5 26. Qxg6 fxg6 27. Rc2 g5 28. b3 Rf8 29. Nd4 Bxd4 30. Rxd4 cxb3 31. Rb2 Rbc8 32. Rxb3 Rc4 33. Rxc4 bxc4 34. Rc3 Rc8 35. Bh3 Rd8 36. Be6+ Kf8 37. Rxc4 Ke7 38. Rc7+ Kf6 39. Rf7+ Kg6 40. Rf3 Rd6 41. Bf7+ Kh7 42. Ra3 Rd8 43. Kf1 Bxd5 44. Bxd5 Rxd5 45. Ke2 g4 46. Ra4 Rh5 47. Rxg4 Rxh2 48. Kf3 Rh1 49. Ke3 Ra1 1/2-1/2

[Event "Bratislava Rintel Memorial 50th"]
[White "Gallo, Filip"]
[Black "Pongo, Aron"]
[Site "Bratislava"]
[Round "1"]
[Result "0-1"]
[Date "2023.08.21"]
[WhiteElo "1156"]
[BlackElo "1772"]
[PlyCount "56"]
[EventDate "2023.08.21"]
[EventType "swiss"]
[EventRounds "9"]
[EventCountry "SVK"]
[SourceTitle "CBM 216 Extra"]
[Source "ChessBase"]
[SourceDate "2023.11.30"]
[SourceVersion "1"]
[SourceVersionDate "2023.11.30"]
[SourceQuality "1"]

1. e4 c5 2. Nc3 d6 3. Bc4 Nf6 4. Nf3 Nc6 5. Bb5 Bd7 6. d4 cxd4 7. Nxd4 g6 8. Be3 Bg7 9. Qd2 Ng4 10. Nf3 Nxe3 11. Qxe3 0-0 12. Bc4 Rc8 13. a3 Ne5 14. Bb3 Nxf3+ 15. Qxf3 Qa5 16. 0-0 Bxc3 17. bxc3 Qxc3 18. Qxc3 Rxc3 19. Rfe1 Be6 20. Re3 Rxe3 21. fxe3 Rc8 22. Rb1 Bxb3 23. cxb3 Rc2 24. Kf1 Kg7 25. h4 Kf6 26. Rd1 Ra2 27. a4 Rb2 28. Rd3 Ke5 0-1

[Event "SVK-ch U14"]
[White "Buzalka, Martin"]
[Black "Pongo, Aron"]
[Site "Stara Lubovna"]
[Round "8"]
[Result "0-1"]
[Date "2022.05.27"]
[WhiteElo "1000"]
[BlackElo "1566"]
[PlyCount "88"]
[EventDate "2022.05.21"]
[EventType "swiss"]
[EventRounds "9"]
[EventCountry "SVK"]
[SourceTitle "CBM 208 Extra"]
[Source "ChessBase"]
[SourceDate "2022.07.31"]
[SourceVersion "1"]
[SourceVersionDate "2022.07.31"]
[SourceQuality "1"]

1. e4 e6 2. d4 d5 3. e5 c5 4. c3 Nc6 5. Nf3 Qb6 6. Be2 cxd4 7. cxd4 Nge7 8. Nc3 Nf5 9. Bb5 Bd7 10. Bxc6 bxc6 11. Qb3 Nxd4 12. Qxb6 Nxf3+ 13. gxf3 axb6 14. 0-0 c5 15. Bg5 Be7 16. f4 h6 17. Bxe7 Kxe7 18. Rfd1 Bc6 19. b3 Rhd8 20. a4 d4 21. Nb1 Bd5 22. Nd2 Ra7 23. f3 Rda8 24. Ra3 b5 25. Rda1 bxa4 26. Nc4 Bxc4 27. bxc4 Rd7 28. Rd3 Rb7 29. Rda3 Rb4 30. Rc1 Rab8 31. Kf2 Rb2+ 32. Ke1 R8b4 33. h4 R2b3 34. Rxb3 Rxb3 35. Ke2 Kf8 36. h5 a3 37. Ra1 Ke7 38. Kf2 Kd7 39. Ke2 Kc6 40. Kf2 Kb7 41. Ke2 Ka6 42. Kd2 Rxf3 43. Rg1 Rxf4 44. Rxg7 a2 0-1

[Event "SVK-ch U14"]
[White "Tokarcik, Jan"]
[Black "Pongo, Aron"]
[Site "Stara Lubovna"]
[Round "6"]
[Result "1-0"]
[Date "2022.05.25"]
[WhiteElo "1313"]
[BlackElo "1566"]
[PlyCount "71"]
[EventDate "2022.05.21"]
[EventType "swiss"]
[EventRounds "9"]
[EventCountry "SVK"]
[SourceTitle "CBM 208 Extra"]
[Source "ChessBase"]
[SourceDate "2022.07.31"]
[SourceVersion "1"]
[SourceVersionDate "2022.07.31"]
[SourceQuality "1"]

1. e4 e6 2. d4 d5 3. exd5 exd5 4. c4 Nf6 5. Nf3 Nbd7 6. Nc3 dxc4 7. Bxc4 Nb6 8. Bb3 Be7 9. 0-0 0-0 10. Bf4 Bg4 11. h3 Bh5 12. Rc1 c6 13. Qd3 Bg6 14. Qe3 Re8 15. Ne5 Bb4 16. Rfd1 a5 17. a3 Bxc3 18. bxc3 a4 19. Ba2 Nbd5 20. Bxd5 Qxd5 21. c4 Qa5 22. Qc3 Qa6 23. Nxg6 hxg6 24. Re1 Nd7 25. Qb4 Nb6 26. Rxe8+ Rxe8 27. Bc7 Nd7 28. Rb1 Nf8 29. c5 Re7 30. Bd6 Rd7 31. Qb6 Qd3 32. Qb4 Ne6 33. Re1 Nxd4 34. Re8+ Kh7 35. Qxa4 Nb5 36. Qh4# 1-0

[Event "SVK-ch U14"]
[White "Pongo, Aron"]
[Black "Bulej, Matej"]
[Site "Stara Lubovna"]
[Round "2"]
[Result "0-1"]
[Date "2021.06.27"]
[WhiteElo "1400"]
[BlackElo "1743"]
[PlyCount "116"]
[EventDate "2021.06.26"]
[EventType "swiss"]
[EventRounds "9"]
[EventCountry "SVK"]
[SourceTitle "CBM 203 Extra"]
[Source "ChessBase"]
[SourceDate "2021.09.30"]
[SourceVersion "1"]
[SourceVersionDate "2021.09.30"]
[SourceQuality "1"]

1. d4 d5 2. c4 e5 3. dxe5 d4 4. Nf3 Nc6 5. Nbd2 Nge7 6. Nb3 Ng6 7. Nbxd4 Ncxe5 8. Nxe5 Nxe5 9. e3 c6 10. a3 Bd6 11. Be2 0-0 12. b4 Qe7 13. c5 Bc7 14. Bb2 Be6 15. Qc2 a5 16. 0-0 Ng4 17. Nxe6 Qxe6 18. Bxg4 Qxg4 19. h3 Qg5 20. Qe4 Rfe8 21. Qg4 Qxg4 22. hxg4 Re4 23. Rfd1 Rxg4 24. Rd7 Rc8 25. Rad1 Kf8 26. R1d4 Rxd4 27. Rxd4 Rd8 28. Rxd8+ Bxd8 29. Bc3 axb4 30. axb4 g6 31. Kf1 Ke7 32. Ke2 Ke6 33. e4 Bc7 34. Kd3 f5 35. f3 Bf4 36. Kc4 fxe4 37. fxe4 Be5 38. Bd2 Bf6 39. Bf4 g5 40. Bh2 Be5 41. Bg1 h5 42. b5 h4 43. bxc6 bxc6 44. Bf2 Bf6 45. Kd3 g4 46. Ke2 Bg5 47. Kf1 Ke5 48. Kg1 Kxe4 49. Kh1 Kd3 50. Be1 Ke2 51. Ba5 Kf2 52. Bc7 h3 53. gxh3 g3 54. Bxg3+ Kxg3 55. Kg1 Be3+ 56. Kf1 Bxc5 57. Ke2 Bd4 58. Kd3 c5 0-1